Skład Brighton sezon 23/24 - Statystyki

Ogólne statystyki
  • Ten quiz został rozwiązany 38 razy
  • Średni wynik to 8 z 27
Statystyki odpowiedzi
Pozycja Nazwisko % Poprawnych
Pomocnik Moder
88%
Obrońca Dunk
64%
Napastik Mitoma
64%
Pomocnik Groß
45%
Napastik Welbeck
42%
Napastik Fergusson
39%
Pomocnik Milner
39%
Bramkarz Verbruggen
36%
Pomocnik Lallana
33%
Obrońca Lamptey
33%
Napastik Pedro
33%
Obrońca Estupiñán
30%
Obrońca Webster
27%
Napastik Enciso
24%
Bramkarz Steele
24%
Pomocnik Baleba
21%
Obrońca van Hecke
21%
Obrońca Veltman
21%
Napastik Fati
18%
Pomocnik Dahoud
12%
Obrońca Igor
12%
Napastik March
12%
Pomocnik Buonanotte
9%
Pomocnik Gilmour
6%
Obrońca Hinshelwood
6%
Napastik Adigra
3%
Bramkarz McGill
3%
Nie znaleziono quizów pasujących do podanych kryteriów
Rozkład punktacji
Procent ludzi z każdym wynikiem
Percentyl według liczby udzielonych odpowiedzi
Twoja historia wyników
Nie rozwiązałeś tego quizu